00305pab a2200121 454500008004000000100002600040245004700066260000900113300000900122362000900131650002900140773001400169180718b1990 xxu||||| |||| 00| 0 eng d aBajracharya, Raina K. aThe management of service centres in Nepal c1990 a9-21 aMar. aDecentralisation - Nepal aPrashasan